[Event "EU-ch (Women) 24th"]
[Site "Rhodes"]
[Date "2024.04.21"]
[Round "3"]
[White "Zhukova, Natalia"]
[Black "Paasikangas Tella, Johanna"]
[Result "1-0"]
[WhiteElo "2301"]
[BlackElo "2080"]
[PlyCount "109"]
[EventDate "2024.04.19"]
[EventType "swiss"]
[EventRounds "10"]
[EventCountry "GRE"]
[SourceTitle "CB18_2024"]
[SourceDate "2024.05.01"]
[SourceVersion "1"]
[SourceVersionDate "2024.05.01"]
[SourceQuality "2"]

1. d4 Nf6 2. c4 g6 3. Nc3 Bg7 4. e4 d6 5. Be2 0-0 6. h4 c5 7. d5 e6 8. dxe6 fxe6 9. h5 Nc6 10. hxg6 hxg6 11. Bg5 Nd4 12. e5 dxe5 13. Qd3 Qe8 14. 0-0-0 Bd7 15. Qh3 Bc6 16. Bd3 Rd8 17. Nf3 e4 18. Bxf6 Rxf6 19. Bxe4 Ne2+ 20. Nxe2 Rxd1+ 21. Rxd1 Bxe4 22. Ng5 Bc6 23. Nc3 Rf5 24. Qh7+ Kf8 25. Rd8 Rxg5 26. Rxe8+ Bxe8 27. Qh3 Rf5 28. f3 Bc6 29. Qg3 g5 30. Qb8+ Kf7 31. Nb5 Be5 32. Nd6+ Bxd6 33. Qxd6 a6 34. a3 g4 35. fxg4 Rf1+ 36. Kd2 Rf2+ 37. Ke3 Rxg2 38. Kf4 Rxb2 39. Kg5 Rg2 40. Qxc5 Re2 41. Qd6 e5 42. Qd3 Re1 43. Qf5+ Ke7 44. c5 e4 45. Qf2 Rd1 46. Kg6 Rd3 47. Qf6+ Ke8 48. g5 Rxa3 49. Kg7 Rf3 50. Qe6+ Kd8 51. g6 Rf1 52. Qg8+ Be8 53. Qd5+ Kc7 54. Qe5+ Kd8 55. Qb8+ 1-0

[Event "EU-Cup 37th"]
[Site "Mayrhofen"]
[Date "2022.10.04"]
[Round "2.3"]
[White "Lever, Erwan"]
[Black "Paasikangas Tella, Johanna"]
[Result "1-0"]
[WhiteElo "2242"]
[BlackElo "2125"]
[PlyCount "89"]
[EventDate "2022.10.03"]
[EventType "team-swiss"]
[EventRounds "7"]
[EventCountry "AUT"]
[SourceTitle "CBM 210 Extra"]
[Source "ChessBase"]
[SourceDate "2022.11.30"]
[SourceVersion "1"]
[SourceVersionDate "2022.11.30"]
[SourceQuality "1"]
[WhiteTeam "Zell/Zillertal"]
[BlackTeam "Etela Vantaan"]
[WhiteTeamCountry "AUT"]
[BlackTeamCountry "FIN"]

1. d4 Nf6 2. c4 g6 3. Nc3 Bg7 4. e4 d6 5. Be2 0-0 6. Nf3 Nbd7 7. 0-0 e5 8. Qc2 Qe7 9. d5 Kh8 10. Bg5 h6 11. Bd2 Ng8 12. Rae1 f5 13. exf5 gxf5 14. Kh1 a6 15. b4 c5 16. a3 Qf6 17. g3 Ne7 18. Nh4 Ng6 19. Ng2 Rf7 20. Bh5 b6 21. f4 Ndf8 22. Na4 b5 23. Nb6 Rb8 24. bxc5 Rxb6 25. cxb6 bxc4 26. Qxc4 Bb7 27. Bc3 Qd8 28. Nh4 Kh7 29. Nxg6 Nxg6 30. g4 Qxb6 31. gxf5 Rxf5 32. Bxg6+ Kxg6 33. Rb1 Qa7 34. Rg1+ Kh7 35. fxe5 dxe5 36. Qe4 Bc8 37. Rgf1 Qf7 38. Rf3 Qh5 39. Rbf1 Kg6 40. d6 Be6 41. Ba5 Bf6 42. Rxf5 Bxf5 43. Qxf5+ Qxf5 44. Rxf5 Kxf5 45. d7 1-0

[Event "Olympiad Women-44"]
[Site "Chennai"]
[Date "2022.07.30"]
[Round "2.2"]
[White "Balajayeva, Khanim Asad Qizi"]
[Black "Paasikangas Tella, Johanna"]
[Result "1-0"]
[WhiteElo "2344"]
[BlackElo "2155"]
[PlyCount "85"]
[EventDate "2022.07.29"]
[EventType "team-swiss"]
[EventRounds "11"]
[EventCountry "IND"]
[SourceTitle "CBM 210"]
[Source "ChessBase"]
[SourceDate "2022.10.31"]
[SourceVersion "1"]
[SourceVersionDate "2022.10.31"]
[SourceQuality "1"]
[WhiteTeam "Azerbaijan (W)"]
[BlackTeam "Finland (W)"]
[WhiteTeamCountry "AZE"]
[BlackTeamCountry "FIN"]

1. e4 c5 2. Nf3 a6 3. c3 d5 4. exd5 Qxd5 5. d4 cxd4 6. cxd4 e6 7. Nc3 Qa5 8. Bd2 Nc6 9. Bc4 Qd8 10. Be3 Nf6 11. 0-0 Be7 12. a3 0-0 13. Ba2 Nd5 14. Qd3 Bf6 15. Ne4 Nxe3 16. Nxf6+ Qxf6 17. fxe3 Qg6 18. e4 b5 19. Qc3 Bb7 20. d5 exd5 21. exd5 Nd8 22. Nh4 Qb6+ 23. Kh1 Bc8 24. Rae1 Nb7 25. Qg3 Qd6 26. Qd3 Nc5 27. Qc2 Bd7 28. Nf3 Rac8 29. Bb1 f5 30. Qd2 Rce8 31. Ba2 Ne4 32. Qd4 Qh6 33. Kg1 Kh8 34. Rc1 Rc8 35. Rxc8 Rxc8 36. Ne5 Qf6 37. Rd1 Rd8 38. d6 Be6 39. Bxe6 Qxe6 40. d7 Kg8 41. Rc1 Nd6 42. Qb6 Qf6 43. Rd1 1-0

[Event "FIN-chT 2022"]
[Site "Finland"]
[Date "2022.04.09"]
[Round "4.5"]
[White "Paasikangas Tella, Johanna"]
[Black "Tumanov, Dmitri"]
[Result "0-1"]
[WhiteElo "2148"]
[BlackElo "2151"]
[PlyCount "88"]
[EventDate "2020.09.12"]
[EventType "team-tourn"]
[EventRounds "11"]
[EventCountry "FIN"]
[SourceTitle "EXT 2023"]
[Source "ChessBase"]
[SourceDate "2022.10.05"]
[SourceVersion "1"]
[SourceVersionDate "2022.10.05"]
[SourceQuality "1"]
[WhiteTeam "Vantaa EtVaS"]
[BlackTeam "Gambiitti"]
[WhiteTeamCountry "FIN"]
[BlackTeamCountry "FIN"]

1. d4 d5 2. Bf4 Nf6 3. e3 g6 4. Bd3 Bg7 5. Nd2 c5 6. c3 Nc6 7. Qe2 Qb6 8. Rb1 Nh5 9. Bg5 h6 10. Bh4 cxd4 11. cxd4 Bxd4 12. g4 Bf6 13. gxh5 Bxh4 14. hxg6 Be6 15. gxf7+ Bxf7 16. a3 Rf8 17. Nh3 e5 18. 0-0 Rg8+ 19. Kh1 0-0-0 20. f4 e4 21. Bb5 Ne7 22. b4 Nf5 23. Rb3 Kb8 24. Rg1 Rxg1+ 25. Nxg1 a6 26. Ba4 d4 27. Qg4 Be6 28. Qg6 Rg8 29. Qh5 d3 30. Nf1 Bf2 31. Nh3 Bxe3 32. Rb2 Bd4 33. Rg2 Rxg2 34. Kxg2 e3 35. Ng1 e2 36. Nxe2 dxe2 37. Qxe2 Ne3+ 38. Nxe3 Bxe3 39. Kg3 Qd4 40. Qf1 Bc4 41. Qf3 Bd5 42. Qf1 h5 43. Bd1 h4+ 44. Kg4 h3 0-1

[Event "Norway Chess op"]
[Site "Stavanger"]
[Date "2021.09.12"]
[Round "3"]
[White "Kvaloy, Aksel Bu"]
[Black "Paasikangas Tella, Johanna"]
[Result "1-0"]
[WhiteElo "2247"]
[BlackElo "2163"]
[PlyCount "95"]
[EventDate "2021.09.10"]
[EventType "swiss"]
[EventRounds "10"]
[EventCountry "NOR"]
[SourceTitle "CBM 204 Extra"]
[Source "ChessBase"]
[SourceDate "2021.11.30"]
[SourceVersion "1"]
[SourceVersionDate "2021.11.30"]
[SourceQuality "1"]

1. e4 c5 2. Nf3 d6 3. Bb5+ Bd7 4. Bxd7+ Nxd7 5. 0-0 g6 6. c3 Ngf6 7. Qe2 Bg7 8. d4 e5 9. dxe5 dxe5 10. Nbd2 0-0 11. a4 Qc7 12. Nc4 Rfe8 13. Bg5 Qc6 14. Rfd1 Re6 15. Bxf6 Nxf6 16. Ng5 Re7 17. Rd6 Qe8 18. b3 h6 19. Nf3 b5 20. axb5 Qxb5 21. Nfd2 Rd7 22. Rxd7 Nxd7 23. Ra5 Qb7 24. h4 h5 25. Nd6 Qc7 26. N2c4 Bf8 27. Qd3 Nf6 28. Nb5 Qe7 29. Ne3 a6 30. Na3 Rd8 31. Qc2 Ng4 32. Nxg4 hxg4 33. g3 Qf6 34. Nc4 Qf3 35. Ra1 f6 36. Ne3 f5 37. Rxa6 Bh6 38. Rxg6+ Kh7 39. Rxh6+ Kxh6 40. Qa2 fxe4 41. Qa6+ Kh5 42. Qb7 Rd6 43. Qh7+ Rh6 44. Qg8 Rg6 45. Qh8+ Rh6 46. Qe8+ Rg6 47. Qxe5+ Kh6 48. Qh8# 1-0

[Event "Titled Tuesday intern op 25th May"]
[Site "Chess.com INT"]
[Date "2021.05.25"]
[Round "6"]
[White "Paasikangas Tella, Johanna"]
[Black "Roque Sola, Gisela"]
[Result "1-0"]
[WhiteElo "2174"]
[BlackElo "2046"]
[PlyCount "67"]
[EventDate "2021.05.25"]
[EventType "swiss (blitz)"]
[EventRounds "11"]
[EventCountry "USA"]
[SourceTitle "CBM 203 Extra"]
[Source "ChessBase"]
[SourceDate "2021.09.30"]
[SourceVersion "1"]
[SourceVersionDate "2021.09.30"]
[SourceQuality "1"]

1. d4 Nf6 2. c4 e6 3. Nc3 Bb4 4. Qc2 0-0 5. a3 Bxc3+ 6. Qxc3 b6 7. Nf3 d6 8. e3 c5 9. Be2 Nc6 10. 0-0 Bb7 11. b4 Rc8 12. b5 Na5 13. Bb2 d5 14. dxc5 Rxc5 15. Rfd1 Qc7 16. Ne5 dxc4 17. f4 Ne4 18. Qb4 c3 19. Bc1 f6 20. Nd7 c2 21. Rd4 Rd5 22. Nxf8 Rxd4 23. exd4 Qc3 24. Qxc3 Nxc3 25. Bd3 Kxf8 26. Bxc2 Ne2+ 27. Kf2 Nxd4 28. Bxh7 Bd5 29. Bb2 Ndb3 30. Rd1 Nc4 31. Bc1 Nxc1 32. Rxc1 f5 33. Bg6 Ke7 34. a4 1-0